| 000 | 00614nam a2200205 u 4500 | ||
|---|---|---|---|
| 001 | 000635066 | ||
| 003 | AM-YeHGA | ||
| 005 | 20250618073314.0 | ||
| 008 | 090223s1937 nyu r 000 0 eng d | ||
| 040 | _aAM-YeHGA | ||
| 041 | 0 | _aeng | |
| 100 | 1 |
_aՄոեմ, Սոմերսեթ, _d1874-1965 _98655 |
|
| 245 | 1 | 0 |
_aCosmopolitans / _c[By] W. Somerset Maugham. |
| 260 |
_aNew York : _bDoubleday, Doran & Company, Inc., _c1937. |
||
| 300 |
_axii, 272 p. ; _c21 cm. |
||
| 500 | _aAt head of title: W. Somerset Maugham. | ||
| 505 | 0 | _aShort stories | |
| 650 | 1 | 4 |
_aBritish _zForeign countries _vFiction |
| 090 | _c224302 | ||
| 999 |
_c222767 _d222767 |
||